Pokemon commençant par la lettre D - Gen 1 à 9 - Statistiques

Statistiques générales
  • Ce quiz a été pris 34 fois
  • Le résultat moyen est 28 sur 47
Statistiques - réponses
Réponse % Correct
Draby
95%
Draco
89%
Dracolosse
89%
Drattak
89%
Drackhaus
84%
Darumacho
79%
Darumarond
79%
Diamat
79%
Dinoclier
79%
Dodrio
74%
Doduo
74%
Drakkarmin
74%
Dynavolt
74%
Dardargnan
68%
Dialga
68%
Donphan
68%
Doudouvet
68%
Dracaufeu
68%
Draieul
68%
Dimoret
63%
Dedenne
58%
Démétéros
58%
Démolosse
58%
Denticrisse
58%
Deoxys
58%
Dimoclès
58%
Dodoala
58%
Drascore
58%
Dratatin
58%
Dunaconda
58%
Dunaja
58%
Darkrai
53%
Dogrino
53%
Dolman
53%
Debugant
47%
Déflaisan
47%
Démanta
47%
Desséliande
47%
Diancie
42%
Dispareptil
37%
Dragmara
37%
Duralugon
37%
Dinglu
32%
Delcatty
26%
Dofin
26%
Delestin
21%
Deusolourdo
16%
Aucun quiz correspondant
Distribution des résultats
% des personnes avec chaque résultat
Percentile par nombre de réponses
Votre historique - résultats
Vous n’avez pas pris ce quiz